International marketing and export management (Record no. 18034)

MARC details
000 -LEADER
fixed length control field 00501nam a2200181Ia 4500
008 - FIXED-LENGTH DATA ELEMENTS--GENERAL INFORMATION
fixed length control field 230917s9999||||xx |||||||||||||| ||und||
020 ## - ISBN
Price RS849
040 ## - CATALOGING SOURCE
-- 231703
Original cataloging agency VIVEKANANDA LIBRARY
041 ## - Language
-- English
082 ## - DDC NUMBER
Classification number 658.8 A13I(7)
100 ## - MAIN ENTRY--PERSONAL NAME
Personal name Albaum, Gerald
245 #0 - TITLE STATEMENT
Title International marketing and export management
250 ## - EDITION STATEMENT
Edition statement 7th ed.
260 ## - PUBLICATION, DISTRIBUTION, ETC. (IMPRINT)
Place of publication, distribution, etc New Delhi
Name of publisher, distributor, etc Pearson India Education
Date of publication, distribution, etc 2015
300 ## - PHYSICAL DESCRIPTION
Pages xxxi, 990 p.
500 ## - GENERAL NOTE
General note 2271 02/02/2016 HBD15/1715 01/03/2016 Main Budget
942 ## - ADDED ENTRY ELEMENTS (KOHA)
Koha item type Books
Holdings
Withdrawn status Lost status Damaged status Not for loan Location (home branch) Sublocation or collection (holding branch) Date acquired Koha issues (times borrowed) Koha full call number Accession No. Koha date last seen Koha item type
        VIVEKANANDA LIBRARY VIVEKANANDA LIBRARY 20/03/2016   658.8 A13I(7) 352308 17/09/2023 Books
        VIVEKANANDA LIBRARY VIVEKANANDA LIBRARY 20/03/2016   658.8 A13I(7) 352309 17/09/2023 Books
        VIVEKANANDA LIBRARY VIVEKANANDA LIBRARY 20/03/2016   658.8 A13I(7) 352310 17/09/2023 Books
© Designed and Maintained by Vivekananda Library, MDU Rohtak